000 01099nam a2200265Ia 4500
999 _c5282
_d5282
003 OSt
005 20200515172433.0
008 191128s1999 ck fr o000 0 spa d
020 _a9589077137
040 _aCO-JMCR
_cCO-JMCR
041 0 _aspa
082 0 4 _a328.861 /
_bC653c
_223
110 1 _aColombia.
_bSenado de la República
_94415
245 1 0 _aCómo construir un nuevo congreso /
_cSenado de la República
250 _a1a. edición
260 _aBogotá :
_bSenado de la República,
_c1999
300 _a232 páginas ;
_c21 cm.
490 0 _aSoluciones para Colombia
500 _a"Soluciones para Colombia"--Tapa
505 0 _aParlamentos modernos : testimonio Europeo -- Modernización de parlamentos latinoamericanos
520 _aBajo la Presidencia del Senador Fabio Valencia Cossio, el Senado de la República realizó una gran apertura a los gremios económicos, universidades, ONG y otras organizaciones para mejorar la calidad de las leyes.
650 1 4 _aReforma parlamentaria
_2
_zColombia
_94424
650 1 4 _aCuerpos legislativos
_zColombia
_94425
942 _2ddc
_cBK